UM Logo

Write for college : (Record no. 896)

MARC details
000 -LEADER
fixed length control field 00837nam a22002177a 4500
008 - FIXED-LENGTH DATA ELEMENTS--GENERAL INFORMATION
fixed length control field 160204b xxu||||| |||| 00| 0 eng d
020 ## - INTERNATIONAL STANDARD BOOK NUMBER
International Standard Book Number 9780669000313
082 ## - DEWEY DECIMAL CLASSIFICATION NUMBER
Edition number 2007
Classification number DK12 428
Item number Se44
100 ## - MAIN ENTRY--PERSONAL NAME
9 (RLIN) 2395
Personal name Sebranek, Patrick.
245 ## - TITLE STATEMENT
Title Write for college :
Remainder of title a student handbook/
Statement of responsibility, etc. written and compiled by Patrick Sebranek, Verne Meyer and Dave Kemper; illustrated by Chris Krenzke.
260 ## - PUBLICATION, DISTRIBUTION, ETC. (IMPRINT)
Place of publication, distribution, etc. Wilmington, MA :
Name of publisher, distributor, etc. Write Source,
Date of publication, distribution, etc. c2007.
300 ## - PHYSICAL DESCRIPTION
Extent xi, 628 pages :
Other physical details color illustrations ;
Dimensions 24 cm.
500 ## - GENERAL NOTE
General note Includes index.
650 #0 - SUBJECT ADDED ENTRY--TOPICAL TERM
9 (RLIN) 2399
Topical term or geographic name as entry element English language
General subdivision Composition and exercises
650 #0 - SUBJECT ADDED ENTRY--TOPICAL TERM
9 (RLIN) 2400
Topical term or geographic name as entry element Academic writing
650 #0 - SUBJECT ADDED ENTRY--TOPICAL TERM
9 (RLIN) 2401
Topical term or geographic name as entry element English language
General subdivision Grammar
700 ## - ADDED ENTRY--PERSONAL NAME
9 (RLIN) 2402
Personal name Meyer, Verne., jt. au.
700 ## - ADDED ENTRY--PERSONAL NAME
9 (RLIN) 2404
Personal name Kemper, Dave., jt. au.
700 ## - ADDED ENTRY--PERSONAL NAME
9 (RLIN) 2405
Personal name Krenzke, Chris., ill.
942 ## - ADDED ENTRY ELEMENTS (KOHA)
Source of classification or shelving scheme Dewey Decimal Classification
Koha item type Circulation
Holdings
Withdrawn status Lost status Source of classification or shelving scheme Damaged status Not for loan Collection code Home library Current library Shelving location Date acquired Source of acquisition Total Checkouts Full call number Barcode Date last seen Date last checked out Copy number Price effective from Koha item type
    Dewey Decimal Classification     K-12 UM Digos College - LIC UM Digos College - LIC Book Cart 08/12/2015 Purchased 1 DK12 428 Se44 2007 23113 05/15/2025 10/04/2018 1 02/04/2016 Circulation